000 00538nam a2200205Ia 4500
005 20240823053014.0
008 240823s9999||||xx |||||||||||||| ||und||
020 _a978-93-392-2240-6
041 _aENGLISH
082 _A005.7585 Q5
100 _aDan Vlamis
245 0 _aData Visulization for Oracle Business Intelligence 11g
250 _a1st
260 _c2015
_bMcGraw - Hill Higher Educ
_aNew York
500 _aYES
650 _aOracle Business
_bComputer Science
700 _a Tim Vlamis
942 _cBK
999 _c223183
_d223183